000 00793nam a2200241 a 4500
001 BRL_810
005 20190320210915.0
008 091013s1985----mx-#######---#000-0#spa-#
020 _a9686011846
041 _aspa
044 _amx
050 4 _aLB1025.2
_b.F74 1985
100 1 _aFreinet, Célestin
_925008
245 1 0 _aFreinet
_buna pedagogía de sentido común
_cPrólogo, selección y notas de Fernando Jiménez Mier y Terán.
260 _aMéxico
_bSEP, Subsecretaría de Cultura, Dirección General de Publicaciones ; Ediciones Caballito
_c1985
300 _a160 p.
_c21 cm.
440 0 _aBiblioteca Pedagógica
_925009
500 _aAu922
650 1 4 _aFilosofía de la educación
_925010
700 1 _aJiménez Mier y Terán, Fernando
_925011
902 _aGRL
942 _2lcc
_cB
999 _c9622
_d9622